|
|
|
|
| LEADER |
00787nam a2200229Ia 4500 |
| 001 |
CTU_129962 |
| 008 |
210402s9999 xx 000 0 und d |
| 020 |
|
|
|c 30.00
|
| 082 |
|
|
|a 303.483
|
| 082 |
|
|
|b J83
|
| 100 |
|
|
|a Josephson, Paul R.
|
| 245 |
|
0 |
|a Industrialized nature :
|
| 245 |
|
0 |
|b Brute force technology and the transformation of the natural world
|
| 245 |
|
0 |
|c Paul R. Josephson
|
| 260 |
|
|
|a Washington [DC]
|
| 260 |
|
|
|b Island Press/Shearwater Books
|
| 260 |
|
|
|c 2002
|
| 650 |
|
|
|a Technological innovations,Industrialization,Natural resources,Environmental protection,Conservation of natural resources
|
| 650 |
|
|
|x History,Environmental aspects,Management
|
| 650 |
|
|
|y 20th century
|
| 904 |
|
|
|i Giang
|
| 980 |
|
|
|a Trung tâm Học liệu Trường Đại học Cần Thơ
|